Mathematical models in plant physiology (Record no. 26775)

MARC details
000 -LEADER
fixed length control field 00703nam a2200241Ia 4500
082 ## - DEWEY DECIMAL CLASSIFICATION NUMBER
Classification number 581.1:51
Item number THO
100 ## - MAIN ENTRY--AUTHOR NAME
Personal name THORNLEY, J H M
245 #0 - TITLE STATEMENT
Title Mathematical models in plant physiology
260 ## - PUBLICATION, DISTRIBUTION, ETC. (IMPRINT)
Place of publication London
Name of publisher Academic
Year of publication 1976
490 ## - SERIES STATEMENT
Series statement Experimental botany; An international series of monographs. V 8
650 ## - SUBJECT ADDED ENTRY--TOPICAL TERM
Topical Term Biological variability
650 ## - SUBJECT ADDED ENTRY--TOPICAL TERM
Topical Term Carbon partioning
650 ## - SUBJECT ADDED ENTRY--TOPICAL TERM
Topical Term Light interception
650 ## - SUBJECT ADDED ENTRY--TOPICAL TERM
Topical Term Mathematical model
650 ## - SUBJECT ADDED ENTRY--TOPICAL TERM
Topical Term Phyllotaxis
650 ## - SUBJECT ADDED ENTRY--TOPICAL TERM
Topical Term Plant physiology
650 ## - SUBJECT ADDED ENTRY--TOPICAL TERM
Topical Term Primordial initiation
650 ## - SUBJECT ADDED ENTRY--TOPICAL TERM
Topical Term Senescence
650 ## - SUBJECT ADDED ENTRY--TOPICAL TERM
Topical Term Translocation
650 ## - SUBJECT ADDED ENTRY--TOPICAL TERM
Topical Term Vegetative plant growth
942 ## - ADDED ENTRY ELEMENTS (KOHA)
Koha item type Books
Holdings
Withdrawn status Lost status Damaged status Not for loan Home library Current library Date acquired Full call number Accession Number Koha item type
        RRII Library RRII Library 16/12/2021 581.1:51 THO 07407 Books